| 000 | 00494 a2200205 4500 | ||
|---|---|---|---|
| 260 | _bLamgun | ||
| 245 | _aNouvelle introduction à la révolution keynesienne et postkeynesienne | ||
| 300 | _a151p | ||
| 260 | _aYaoundé | ||
| 650 | _aKeynesianisme | ||
| 260 | _c1983 | ||
| 300 | _b24cm | ||
| 100 | _lFr | ||
| 630 | _a33 -Economie - Economie politique | ||
| 037 | _aS4089 S 4090 | ||
| 650 | _a3 - SCIENCES SOCIALES | ||
| 100 | _aSobgui, Gabriel Alexis | ||
| 999 |
_c44855 _d44855 |
||